LEADER 01470nlm 2200265 n 450 001 996698682603316 005 20260113172812.0 100 $a19940511d16491648 uy | 101 0 $aeng 102 $aUK 135 $adrcnu 200 1 $aBelievers evidences for eternall life;$ecollected out of the first epistle of John, which is Catholique : explained and confirmed by very many subservient-signes, or under-notes, grounded upon scriptures, and illustrated by testimonies both of ancient fathers, and modern writers. Whereby persons truly regenerate may divers wayes discover their present state of grace, and title unto glory$fBy Francis Roberts, A.M. Pastor of the church at Augustines, London 210 1 $aLondon$cPrinted by T.R. and E.M. for George Calvert, and are to be sold at his shop at the sign of the Half-Moon in Watling-street, neer to Pauls stump$d1649 [i.e. 1648] 215 $aTesto elettronico (PDF) (32 ; 240 p.$c1 carta ripiegata) 230 $aBase dati testuale 330 $app. 11-29: Prefazione riguardante la promessa del santo.Annotazione sulla copia di Thomason: "San" inserito prima di "Agostino"; "N.: 6 1648".Riproduzione dell'originale presso la British Library 606 0 $aApologetica$2BNCF 676 $a202 700 1$aROBERTS,$bFrancis$f1609-1675.$01002195 801 0$aIT$bcba$cREICAT 912 $a996698682603316 959 $aEB 969 $aER 996 $aBelievers evidences for eternall life$92397319 997 $aUNISA